Mladá veda 2022 medzinárodná konferencia mladých vedeckých pracovníkov a doktorandov pod záštitou doc. Ing. Evy Sventekovej, PhD. dekanky Fakulty bezpečnostného inžinierstva : zborník príspevkov, 25.-26.04.2022 Žilina

Podrobná bibliografia
Korporatívny autor: Mladá veda 2022
Ďalší autori: Kočkár, Samuel, 1997- (Zostavovateľ, kompilátor), Mäkká, Katarína, Ing., PhD (Zostavovateľ, kompilátor)
Médium: Konferenčný príspevok Program E-kniha
Jazyk:slovenčina
angličtina
čeština
PhysicalDescription:1 CD-ROM farebný 12 cm
Vydavateľské údaje: Žilina EDIS - vydavateľské centrum ŽU 2022
ISBN:9788055418711
Vydanie:Vydanie: prvé
Predmet:

MARC

LEADER 00000cam a2200000 4500
001 vtls012252171
003 SK-MaSNL
005 20260302073253.0
007 co cg muuua
008 240307s2018 xo | fq 100 0 slo
015 |a SNBS2024 
020 |a 9788055418711  |q (elektronická kniha) 
040 |a SNK  |b slo  |c SNK  |e rda 
041 0 |a slo  |a eng  |a cze  |b slo  |b eng  |b cze 
044 |a xo  |c SK 
072 7 |a 005  |x Manažment. Riadenie  |2 konspekt 
080 |a 005.931  |2 2011 
080 |a 005.934  |2 2011 
080 |a 3.078.7  |2 2011 
080 |a (062.534)  |2 2011 
080 |a (0.034.2)  |2 2011 
080 |a (0.034.44)  |2 2011 
111 2 |a Mladá veda  |n (12. :  |c 2022:  |d Žilina, Slovensko)  |9 737478 
245 1 0 |a Mladá veda 2022  |b medzinárodná konferencia mladých vedeckých pracovníkov a doktorandov pod záštitou doc. Ing. Evy Sventekovej, PhD. dekanky Fakulty bezpečnostného inžinierstva : zborník príspevkov, 25.-26.04.2022 Žilina  |c zostavovatelia: Samuel Kočkár, Katarína Mäkká 
250 |a Vydanie: prvé 
264 1 |a Žilina  |b EDIS - vydavateľské centrum ŽU  |c 2022 
300 |a 1 CD-ROM  |b farebný  |c 12 cm 
336 |a text  |b txt  |2 rdacontent 
337 |a počítač  |b c  |2 rdamedia 
338 |a počítačový disk  |b cd  |2 rdacarrier 
347 |a textový súbor  |b PDF  |b HTML  |2 rda 
366 |e 140 kusov 
500 |a Názov z titulnej obrazovky 
500 |a CD obsahuje dva zborníky z dvoch konferencií 
500 |a Nad názvami príspevkov zborníka z medzinárodnej konferencie Mladá veda 2018 je chybne uvádaný XV. ročník konferencie 
500 |a Nad názvom: Žilinská univerzita. Fakulta bezpečnostného inžinierstva 
504 |a Obsahuje bibliografické odkazy 
546 |a Text čiastočne aj v češtine, angličtine ; abstrakty v slovenčine, angličtine a češtine 
650 0 7 |a krízové situácie  |2 SNKPH  |9 1563 
650 0 7 |a krízový manažment  |2 SNKPH  |9 4171 
650 0 7 |a bezpečnostný manažment  |2 SNKPH  |9 927 
650 0 7 |a Crisis situations  |2 SNKPHeng  |9 313185 
650 0 7 |a Crisis management  |2 SNKPHeng  |9 268286 
650 0 7 |a Safety management  |2 SNKPHeng  |9 276238 
655 7 |a CD-ROM  |2 SNKPH  |9 70236 
655 7 |a zborníky konferencií  |2 SNKPH  |9 70153 
655 7 |a Proceedings of conferences  |2 SNKPHeng  |9 265791 
700 1 |a Kočkár, Samuel,  |d 1997-  |4 com  |9 229551 
700 1 |a Mäkká, Katarína,  |c Ing., PhD.  |4 com  |9 737479 
710 2 |a Žilinská univerzita v Žiline.  |b Fakulta bezpečnostného inžinierstva  |4 pbl  |9 53877 
852 |a Slovenská národná knižnica 
919 |a 978-80-554-1871-1 
958 |a NB 
999 |c 1160164  |d 1162094 
952 |t 1  |a SNK  |b SNK  |c SNK_KF  |y PREZ  |7 0  |p 17A1542383  |o snkSCDM 13108  |i snk2024/3881  |8 0  |0 0  |1 0  |2 udc  |4 0  |d 2024-03-07  |l 0  |r 2026-02-24 20:30:00  |w 2026-02-24